000
00275nam a22001217a 4500
008
181022b xxu||||| |||| 00| 0 eng d
041
_a
eng
080
_a
320
100
_a
21
101
_a
SHP
245
_a
Community Power & Political Theory
_c
Polsby,N.W
942
_2
udc
_c
BK
999
_c
50356
_d
50356